100 największych miast na mapie Europy - Statystyki

Ogólne statystyki
  • Ten quiz został rozwiązany 101 558 razy
    58 081 od ostatniego zresetowania
  • Średni wynik to 50 z 97
Odpowiedzi na mapie
Odpowiedzi zakodowano w zielono-czerwonej skali na mapie do tego quizu, zgodnie z poniższymi procentami.
 
Statystyki odpowiedzi
Ludność Miasto % Poprawnych
2,38 mln Warszawa
98%
17,3 mln Moskwa
95%
904 tys. Gdańsk
94%
819 tys. Kraków
94%
14,8 mln Londyn
94%
4,73 mln Berlin
93%
11,4 mln Paryż
93%
6,55 mln Madryt
92%
3,58 mln Rzym
91%
3,48 mln Kijów
90%
4,78 mln Barcelona
89%
2,48 mln Lizbona
88%
829 tys. Łódź
88%
1,19 mln Oslo
88%
3,35 mln Ateny
85%
2,00 mln Mińsk
84%
1,44 mln Praga
84%
1,30 mln Helsinki
83%
1,39 mln Dublin
82%
2,23 mln Sztokholm
82%
2,63 mln Budapeszt
81%
2,25 mln Wiedeń
81%
2,48 mln Amsterdam
79%
1,68 mln Kopenhaga
79%
725 tys. Lwów
79%
5,65 mln Petersburg
79%
2,20 mln Bukareszt
78%
2,25 mln Monachium
77%
6,20 mln Mediolan
76%
16,0 mln Stambuł
75%
2,70 mln Bruksela
74%
809 tys. Zagrzeb
73%
3,05 mln Manchester
72%
1,30 mln Sofia
72%
4,23 mln Neapol
70%
2,88 mln Hamburg
69%
1,54 mln Porto
69%
1,88 mln Liverpool
66%
1,66 mln Marsylia
64%
1,42 mln Belgrad
63%
872 tys. Tirana
62%
1,98 mln Lyon
59%
3,25 mln Rotterdam / Haga
59%
1,64 mln Turyn
58%
1,64 mln Charków
57%
3,25 mln Frankfurt nad Menem
55%
1,68 mln Glasgow
53%
935 tys. Edynburg
51%
1,11 mln Odessa
51%
806 tys. Saloniki
50%
1,44 mln Donieck
49%
900 tys. Palermo
48%
1,29 mln Sewilla
47%
3,15 mln Birmingham
46%
1,84 mln Walencja
45%
834 tys. Drezno
44%
946 tys. Nicea
44%
1,43 mln Zurych
44%
911 tys. Bilbao
43%
748 tys. Lipsk
42%
1,01 mln Florencja
40%
791 tys. Genewa
35%
1,03 mln Malaga
34%
960 tys. Cardiff
31%
1,22 mln Antwerpia
29%
1,00 mln Brema
29%
708 tys. Göteborg
29%
1,48 mln Newcastle
29%
1,08 mln Bordeaux
28%
2,40 mln Stuttgart
28%
2,18 mln Leeds
27%
1,29 mln Lille
25%
1,39 mln Dniepr
24%
1,15 mln Hanower
23%
1,20 mln Norymberga
23%
1,30 mln Rostów nad Donem
22%
1,04 mln Tuluza
22%
704 tys. Katania
21%
716 tys. Nantes
20%
1,16 mln Southampton
20%
1,41 mln Wołgograd
20%
726 tys. Saragossa
19%
771 tys. Bazylea
18%
739 tys. Zaporoże
18%
926 tys. Bristol
16%
915 tys. Krasnodar
15%
712 tys. Leicester
15%
1,73 mln Niżny Nowogród
13%
1,38 mln Nottingham
13%
1,57 mln Sheffield
13%
995 tys. Utrecht
11%
907 tys. Saarbrücken
8%
1,06 mln Woroneż
8%
813 tys. Akwizgran
7%
935 tys. Bielefeld
6%
1,58 mln Mannheim
6%
712 tys. Coventry
5%
Nie znaleziono quizów pasujących do podanych kryteriów
Rozkład punktacji
Procent ludzi z każdym wynikiem
Percentyl według liczby udzielonych odpowiedzi
Twoja historia wyników
Nie rozwiązałeś tego quizu od ostatniego zresetowania